| 000 -LEADER |
| fixed length control field |
00538nam a22001937a 4500 |
| 008 - FIXED-LENGTH DATA ELEMENTS--GENERAL INFORMATION |
| fixed length control field |
150511b xxu||||| |||| 00| 0 eng d |
| 020 ## - INTERNATIONAL STANDARD BOOK NUMBER |
| International Standard Book Number |
9780078250620 |
| 041 0# - LANGUAGE CODE |
| Language code of text/sound track or separate title |
eng |
| 080 ## - UNIVERSAL DECIMAL CLASSIFICATION NUMBER |
| Universal Decimal Classification number |
671 |
| 100 1# - Rafti |
| Rafti |
Sacks, Raymond J. |
| 245 10 - TITLE STATEMENT |
| Title |
Welding : |
| Statement of responsibility, etc |
Raymond J. Sacks, Edward R. Bohnart. |
| 250 ## - |
| -- |
3rd ed. |
| 260 ## - |
| -- |
Boston : |
| -- |
McGraw-Hill, |
| -- |
2005. |
| 300 ## - |
| -- |
1276 f. : |
| -- |
me il.; |
| -- |
28 cm. |
| 650 #0 - |
| -- |
Metalet e çmuara |
| 700 1# - |
| -- |
Bohnart, Edward R. |
| 700 1# - |
| -- |
Sacks, Raymond J. |
| 942 ## - ADDED ENTRY ELEMENTS (KOHA) |
| Source of classification or shelving scheme |
|
| Item type |
Books |